[Event "TCh-FRA Top 12 2014"]
[Site "Saint-Quentin FRA"]
[Date "2014.05.24"]
[Round "1.6"]
[White "Riff, Jean-Noel"]
[Black "Velten, Paul"]
[Result "1/2-1/2"]
[WhiteTitle "IM"]
[BlackTitle "IM"]
[WhiteElo "2458"]
[BlackElo "2429"]
[WhiteTeam "Mulhouse Philidor"]
[BlackTeam "L'Echiquier Chalonnais"]
[WhiteFideId "611190"]
[BlackFideId "681091"]
[EventDate "2014.05.24"]

1. e4 e6 2. d4 d5 3. Nc3 Nf6 4. e5 Nfd7 5. f4 c5 6. Nf3 Nc6 7. Be3 a6 8. Qd2 b5
9. dxc5 Bxc5 10. Bxc5 Nxc5 11. Qf2 Qe7 12. Bd3 Nb4 13. Rd1 Nbxd3+ 14. cxd3 b4
15. Ne2 Bd7 16. O-O O-O 17. Qd4 Rab8 18. Rc1 Rfc8 19. Nd2 Bb5 20. Rf3 a5 21. Nf1
f5 22. exf6 Qxf6 23. Qxf6 gxf6 24. Nd4 Ba6 25. Rd1 Rb6 26. Rg3+ 1/2-1/2

[Event "TCh-FRA Top 12 2014"]
[Site "Saint-Quentin FRA"]
[Date "2014.05.24"]
[Round "1.7"]
[White "Favarel, Antoine"]
[Black "Ider, Borya"]
[Result "1/2-1/2"]
[WhiteTitle "FM"]
[BlackTitle "FM"]
[WhiteElo "2333"]
[BlackElo "2392"]
[WhiteTeam "L'Echiquier Chalonnais"]
[BlackTeam "Mulhouse Philidor"]
[WhiteFideId "642371"]
[BlackFideId "4901134"]
[EventDate "2014.05.24"]

1. d4 e6 2. c4 Nf6 3. g3 d5 4. Bg2 dxc4 5. Qa4+ c6 6. Qxc4 b5 7. Qc2 Bb7 8. Nf3
Nbd7 9. a4 c5 10. O-O b4 11. Bg5 Rc8 12. Nbd2 cxd4 13. Qd3 Be7 14. Nxd4 Bxg2 15.
Kxg2 O-O 16. N2b3 h6 17. Bxf6 Bxf6 18. Rac1 Nb6 19. Rxc8 Qxc8 20. a5 Nc4 21. Rc1
Qa8+ 22. Kg1 Ne5 23. Qa6 Rd8 24. Rc7 Qe4 25. Rc8 Rxc8 26. Qxc8+ Kh7 27. Qc5 h5
28. Qxb4 Qb1+ 29. Kg2 h4 30. Nd2 Qe1 31. N4f3 Qxe2 32. Nxe5 Qxe5 33. b3 Bd8 34.
a6 f5 35. Nf3 Qe2 36. gxh4 Qxa6 37. Qf8 Bf6 38. Qf7 Qc6 39. h5 Qe4 40. Qg6+ Kg8
41. Qe8+ Kh7 42. Qg6+ Kg8 43. Qe8+ 1/2-1/2

[Event "TCh-FRA Top 12 2014"]
[Site "Saint-Quentin FRA"]
[Date "2014.05.24"]
[Round "1.8"]
[White "Choisy, Mathilde"]
[Black "Donrault, Patrick"]
[Result "0-1"]
[WhiteTitle "WFM"]
[WhiteElo "2144"]
[BlackElo "2195"]
[WhiteTeam "Mulhouse Philidor"]
[BlackTeam "L'Echiquier Chalonnais"]
[WhiteFideId "634565"]
[BlackFideId "605255"]
[EventDate "2014.05.24"]

1. e4 e6 2. d4 d5 3. Nc3 Bb4 4. exd5 exd5 5. Bd3 Nc6 6. a3 Be7 7. Be3 Nf6 8. h3
Be6 9. Qf3 a6 10. Nge2 Qd7 11. O-O O-O 12. Ng3 g6 13. Nce2 Ne8 14. Bh6 Ng7 15.
c3 Rfe8 16. Nf4 Rad8 17. Ngh5 Nxh5 18. Nxh5 gxh5 19. Qg3+ Bg4 20. hxg4 Qxg4 21.
Qxg4+ hxg4 22. Bf5 Rd6 23. Bf4 Rf6 24. Bd7 Rd8 25. Bxc6 Rxc6 26. Rae1 Rd7 27.
Re3 Re6 28. Rxe6 fxe6 29. Re1 Kf7 30. Kh2 Bd6 31. Kg3 h5 32. Be5 Re7 33. Kh4 Kg6
34. Re3 Kf5 35. f3 Rh7 36. Bxd6 cxd6 37. g3 e5 38. dxe5 dxe5 39. Rd3 gxf3 40.
Rxf3+ Ke4 41. Rf8 d4 42. cxd4 exd4 43. Re8+ Kf3 44. Rf8+ Ke2 45. Re8+ Kd2 46.
Kg5 d3 47. Kf4 Rd7 48. Rc8 Ke2 49. Re8+ Kf2 50. Ke5 0-1

[Event "TCh-FRA Top 12 2014"]
[Site "Saint-Quentin FRA"]
[Date "2014.05.24"]
[Round "1.1"]
[White "Pelletier, Yannick"]
[Black "Volokitin, Andrei"]
[Result "0-1"]
[WhiteTitle "GM"]
[BlackTitle "GM"]
[WhiteElo "2577"]
[BlackElo "2638"]
[WhiteTeam "Les Tours de Haute Picardie"]
[BlackTeam "Bischwiller"]
[WhiteFideId "1301837"]
[BlackFideId "14107090"]
[EventDate "2014.05.24"]

1. d4 Nf6 2. Nf3 g6 3. Bg5 Bg7 4. Nbd2 O-O 5. c3 d5 6. e3 Nbd7 7. Bd3 Re8 8. O-O
e5 9. e4 h6 10. Bxf6 Bxf6 11. exd5 exd4 12. Nxd4 Nb6 13. Qf3 Bxd4 14. cxd4 Nxd5
15. Bc4 c6 16. Rfe1 Rxe1+ 17. Rxe1 Bf5 18. Bxd5 Qxd5 19. Qxd5 cxd5 20. Nf1 Rc8
21. Ne3 Be6 22. f3 Rc6 23. Kf2 Ra6 24. a3 Rb6 25. Re2 Rb3 26. Rd2 Kf8 27. Ke2
Ke7 28. Nd1 Kd6 29. Rd3 Rb6 30. Rc3 Bd7 31. Rc5 Ba4 32. b4 Bxd1+ 33. Kxd1 Ra6
34. Rc3 Ra4 35. Kc2 a5 36. Kb3 axb4 37. Kxa4 bxc3 38. Kb3 Kc6 39. Kxc3 Kb5 40.
Kb3 Ka5 41. a4 f6 42. Ka3 h5 43. g3 g5 44. g4 h4 45. h3 b6 46. Kb3 b5 47. axb5
Kxb5 0-1

[Event "TCh-FRA Top 12 2014"]
[Site "Saint-Quentin FRA"]
[Date "2014.05.24"]
[Round "1.2"]
[White "Edouard, Romain"]
[Black "Kveinys, Aloyzas"]
[Result "1/2-1/2"]
[WhiteTitle "GM"]
[BlackTitle "GM"]
[WhiteElo "2692"]
[BlackElo "2547"]
[WhiteTeam "Bischwiller"]
[BlackTeam "Les Tours de Haute Picardie"]
[WhiteFideId "633429"]
[BlackFideId "12800040"]
[EventDate "2014.05.24"]

1. e4 c5 2. Nf3 e6 3. d4 cxd4 4. Nxd4 a6 5. Bd3 Nf6 6. O-O e5 7. Bg5 h6 8. Bxf6
Qxf6 9. Nf5 g6 10. Ne3 Bc5 11. Nc3 d6 12. Ncd5 Qd8 13. b4 Ba7 14. c3 Be6 15. a4
O-O 16. a5 Nd7 17. Bc4 Rc8 18. Qd3 Kg7 19. Rad1 Rc6 20. Ba2 Nf6 21. c4 Rc8 22.
Kh1 Bd4 23. f4 Bxd5 24. exd5 Re8 25. fxe5 Bxe5 26. Bb1 Qd7 27. Rf3 Nh7 28. Rdf1
Nf8 29. c5 Re7 30. Nc4 Rce8 31. Ba2 f5 32. g4 fxg4 33. Nxe5 Rxe5 34. Rf6 Rf5 35.
Rxd6 Rxf1+ 36. Qxf1 Qa4 37. Qa1+ Kh7 38. Rf6 Qd7 39. d6 Ne6 40. Bd5 Ng5 41. Rf1
g3 42. Bg2 Re2 43. Rf8 Nf7 44. Bd5 g2+ 45. Kg1 Ne5 46. Bg8+ Kg7 47. Bc4 Kxf8 48.
Bxe2 Qf5 49. Qd4 Ke8 50. Kxg2 Kd8 51. h3 h5 52. Qh4+ Kc8 53. Qd4 Qg5+ 54. Kh2 h4
55. Bg4+ Kd8 56. Kg2 Qf6 57. Qd5 Nxg4 58. hxg4 g5 59. Qg8+ Kd7 60. Qh7+ Ke8 61.
Qg8+ Kd7 62. Qh7+ Ke8 63. Qxb7 Qb2+ 64. Kf3 Qb3+ 65. Ke4 Qe6+ 66. Kd4 Qf6+ 67.
Ke3 Qf4+ 68. Kd3 Qf1+ 69. Kd4 Qf6+ 70. Kd3 Qf1+ 71. Kc3 Qc1+ 72. Kd4 Qa1+ 73.
Ke3 Qe1+ 74. Kd4 Qa1+ 75. Ke3 1/2-1/2

[Event "TCh-FRA Top 12 2014"]
[Site "Saint-Quentin FRA"]
[Date "2014.05.24"]
[Round "1.3"]
[White "David, Alberto"]
[Black "Buhmann, Rainer"]
[Result "1/2-1/2"]
[WhiteTitle "GM"]
[BlackTitle "GM"]
[WhiteElo "2579"]
[BlackElo "2579"]
[WhiteTeam "Les Tours de Haute Picardie"]
[BlackTeam "Bischwiller"]
[WhiteFideId "4000013"]
[BlackFideId "4651340"]
[EventDate "2014.05.24"]

1. e4 e5 2. Nf3 Nc6 3. Bc4 Nf6 4. d3 Be7 5. O-O O-O 6. Re1 d6 7. a4 Be6 8. Nc3
Qd7 9. h3 h6 10. a5 a6 11. Bd2 Rae8 12. Nd5 Bd8 13. Bb3 Nh7 14. Ba4 Qc8 15. b4
Bd7 16. c4 Ne7 17. Bxd7 Qxd7 18. d4 Nxd5 19. cxd5 f5 20. dxe5 dxe5 21. Bc3 fxe4
22. Rxe4 Nf6 23. Rxe5 Rxe5 24. Nxe5 Qxd5 1/2-1/2

[Event "TCh-FRA Top 12 2014"]
[Site "Saint-Quentin FRA"]
[Date "2014.05.24"]
[Round "1.4"]
[White "Schlosser, Philipp"]
[Black "Eliet, Nicolas"]
[Result "1-0"]
[WhiteTitle "GM"]
[BlackTitle "IM"]
[WhiteElo "2586"]
[BlackElo "2402"]
[WhiteTeam "Bischwiller"]
[BlackTeam "Les Tours de Haute Picardie"]
[WhiteFideId "4600169"]
[BlackFideId "602302"]
[EventDate "2014.05.24"]

1. d4 Nf6 2. c4 e6 3. Nc3 Bb4 4. Qc2 c5 5. dxc5 O-O 6. Nf3 Na6 7. g3 Nxc5 8. Bg2
b6 9. O-O Bxc3 10. Qxc3 Bb7 11. b3 Rc8 12. Bb2 d6 13. Qe3 e5 14. Bh3 Rc7 15.
Rad1 Qe7 16. Nh4 g6 17. f4 Nfe4 18. Nf3 f6 19. Bg2 Re8 20. f5 Kg7 21. Ba3 Rd8
22. g4 g5 23. Ne1 a5 24. h3 h5 25. Bxc5 Nxc5 26. Bxb7 Rxb7 27. Nf3 hxg4 28. hxg4
Rh8 29. Nxg5 Kf8 30. Nh3 Qh7 31. Rf3 Rg7 32. Rxd6 Rxg4+ 33. Kf1 e4 34. Rxf6+ Kg7
35. Rg6+ Qxg6 36. fxg6 exf3 37. Qe5+ Kg8 38. Qe8+ Kg7 39. Qe5+ Kg8 40. Qe8+ Kg7
41. Qf7+ Kh6 42. exf3 Rxg6 43. Nf4 1-0

[Event "TCh-FRA Top 12 2014"]
[Site "Saint-Quentin FRA"]
[Date "2014.05.24"]
[Round "1.5"]
[White "Godart, Francois"]
[Black "Le Roux, Jean-Pierre"]
[Result "1/2-1/2"]
[WhiteTitle "FM"]
[BlackTitle "GM"]
[WhiteElo "2376"]
[BlackElo "2546"]
[WhiteTeam "Les Tours de Haute Picardie"]
[BlackTeam "Bischwiller"]
[WhiteFideId "208078"]
[BlackFideId "609404"]
[EventDate "2014.05.24"]

1. d4 Nf6 2. c4 g6 3. Nc3 d5 4. cxd5 Nxd5 5. e4 Nxc3 6. bxc3 Bg7 7. Nf3 O-O 8.
Be3 c5 9. Be2 b6 10. Rc1 e6 11. dxc5 Qxd1+ 12. Bxd1 Bb7 13. cxb6 axb6 14. Bb3
Bxe4 15. Bxb6 Nd7 16. Bd4 e5 17. Be3 Bd3 18. Ng5 e4 19. f3 exf3 20. gxf3 Ne5 21.
Kf2 Bc4 22. Kg3 Rfb8 23. Rb1 Rc8 24. Bd4 h6 25. Ne4 Rc6 26. f4 Nd7 27. Rhd1 Nf8
28. Nc5 Ra3 29. Kf2 Ne6 30. Nxe6 Bxe6 31. Rd2 Bxd4+ 32. cxd4 Bxb3 33. Rxb3 Rxb3
34. axb3 Rc3 35. b4 Kf8 36. Rb2 Ke7 37. b5 Kd7 38. b6 Kc8 39. d5 Rd3 40. b7+ Kb8
41. Rb5 f5 42. Ke2 Rd4 43. Ke3 Rd1 44. Rb6 Rxd5 45. Rxg6 Kxb7 46. Rxh6 Kc7 47.
Re6 Rd7 48. Ra6 Rd8 49. Rh6 Rd5 50. h4 Kd7 51. h5 Ke7 52. Rg6 Kf7 53. Rg5 Kf6
54. h6 Rd7 55. Rh5 Kg6 56. h7 Rxh7 57. Rxh7 Kxh7 58. Kd4 Kg6 59. Ke5 Kg7 60.
Kxf5 1/2-1/2

[Event "TCh-FRA Top 12 2014"]
[Site "Saint-Quentin FRA"]
[Date "2014.05.24"]
[Round "1.6"]
[White "Kosten, Anthony C."]
[Black "Bunzmann, Dimitrij"]
[Result "1/2-1/2"]
[WhiteTitle "GM"]
[BlackTitle "GM"]
[WhiteElo "2455"]
[BlackElo "2464"]
[WhiteTeam "Bischwiller"]
[BlackTeam "Les Tours de Haute Picardie"]
[WhiteFideId "400114"]
[BlackFideId "4634284"]
[EventDate "2014.05.24"]

1. Nf3 d5 2. c4 e6 3. g3 a6 4. b3 b5 5. Bg2 Nf6 6. O-O Be7 7. d4 Bb7 8. cxd5
Nxd5 9. Bb2 O-O 10. Nbd2 Nd7 11. e4 N5f6 12. Qe2 c5 13. Rfd1 Rc8 14. a4 b4 15.
Nc4 Bxe4 16. dxc5 Bd5 17. Nd4 Nxc5 18. Nf5 exf5 19. Bxd5 Nxd5 20. Ne3 Nc3 21.
Bxc3 bxc3 22. Rxd8 Rfxd8 23. Qc2 Bf6 24. b4 Ne6 25. Qxf5 Nd4 26. Qg4 h5 27. Qxh5
c2 28. Rc1 Rc3 29. Kg2 1/2-1/2

[Event "TCh-FRA Top 12 2014"]
[Site "Saint-Quentin FRA"]
[Date "2014.05.24"]
[Round "1.7"]
[White "Cappon, John"]
[Black "Marcelin, Cyril"]
[Result "1-0"]
[BlackTitle "GM"]
[WhiteElo "2238"]
[BlackElo "2490"]
[WhiteTeam "Les Tours de Haute Picardie"]
[BlackTeam "Bischwiller"]
[WhiteFideId "608459"]
[BlackFideId "607274"]
[EventDate "2014.05.24"]

1. e4 d5 2. exd5 Qxd5 3. Nc3 Qd6 4. d4 Nf6 5. Nf3 g6 6. Be2 Bg7 7. O-O O-O 8.
Nb5 Qb6 9. a4 c6 10. Na3 Qc7 11. c3 Nbd7 12. Nc4 Nd5 13. Re1 b6 14. Nce5 Nxe5
15. Nxe5 c5 16. Bf3 Bb7 17. Bxd5 Bxd5 18. dxc5 Bxe5 19. Qxd5 Bxh2+ 20. Kf1 Bf4
21. Bxf4 Qxf4 22. Qe4 Qh2 23. c6 Rac8 24. b4 a6 25. c4 b5 26. cxb5 axb5 27. a5
Rfd8 28. Rad1 1-0

[Event "TCh-FRA Top 12 2014"]
[Site "Saint-Quentin FRA"]
[Date "2014.05.24"]
[Round "1.8"]
[White "Maisuradze, Nino"]
[Black "Benmesbah, Natacha"]
[Result "1-0"]
[WhiteTitle "WGM"]
[BlackTitle "WIM"]
[WhiteElo "2258"]
[BlackElo "2187"]
[WhiteTeam "Bischwiller"]
[BlackTeam "Les Tours de Haute Picardie"]
[WhiteFideId "13601717"]
[BlackFideId "642002"]
[EventDate "2014.05.24"]

1. d4 Nf6 2. Nf3 b5 3. c3 Bb7 4. a4 a6 5. axb5 axb5 6. Rxa8 Bxa8 7. e3 b4 8.
cxb4 e6 9. b5 c5 10. bxc6 Bb4+ 11. Bd2 Nxc6 12. Qa4 Qb8 13. Bb5 Bd6 14. Nc3 Na7
15. Bd3 Bc6 16. Qc2 Bxf3 17. gxf3 Nc6 18. Nb5 Nd5 19. Nxd6+ Qxd6 20. O-O f5 21.
Qc5 Qxc5 22. dxc5 O-O 23. e4 Nc7 24. Bc3 f4 25. b4 Rb8 26. Rb1 Nb5 27. Bxb5 Rxb5
28. Kf1 Rb7 29. b5 Na7 30. b6 Nc6 31. Ke2 Kf7 32. Kd3 d5 33. cxd6 e5 34. Kc4 Ke6
35. Kc5 Nb8 36. Rb5 g6 37. h3 g5 38. Rb1 Rd7 39. Rd1 Rb7 40. Rb1 Rd7 41. Rd1 Rb7
42. d7 Nxd7+ 43. Rxd7 Rxd7 44. Kc6 Rd6+ 45. Kc7 Rd7+ 46. Kc8 Kd6 47. Bxe5+ Kc6
48. Bc7 h6 49. Bd8 Rf7 50. e5 Kd5 51. b7 Rxb7 52. Kxb7 Kxe5 53. Kc6 Kd4 54. Kd6
Kd3 55. Ke5 Ke2 56. Ke4 Kxf2 57. h4 g4 58. fxg4 Kg3 59. g5 f3 60. Bb6 1-0

[Event "TCh-FRA Top 12 2014"]
[Site "Saint-Quentin FRA"]
[Date "2014.05.24"]
[Round "1.1"]
[White "Nataf, Igor-Alexandre"]
[Black "Baron, Tal"]
[Result "1-0"]
[WhiteTitle "GM"]
[BlackTitle "GM"]
[WhiteElo "2541"]
[BlackElo "2515"]
[WhiteTeam "C.E. Strasbourg"]
[BlackTeam "C.E. de Rueil Malmaison"]
[WhiteFideId "605492"]
[BlackFideId "2809958"]
[EventDate "2014.05.24"]

1. e4 c5 2. Nf3 d6 3. Bb5+ Nc6 4. O-O Bd7 5. Re1 Nf6 6. c3 a6 7. Bf1 Bg4 8. h3
Bxf3 9. Qxf3 e6 10. d3 Be7 11. Nd2 O-O 12. Qe2 d5 13. Nf3 b5 14. e5 Nd7 15. Bf4
Qb6 16. h4 c4 17. d4 Rfb8 18. g4 b4 19. g5 a5 20. h5 Nf8 21. Bh3 a4 22. a3 bxc3
23. bxc3 Qa5 24. Bd2 Rb3 25. Qe3 Bxa3 26. g6 hxg6 27. h6 Be7 28. hxg7 Nh7 29.
Kg2 g5 30. Rh1 Qd8 31. Bg4 Kxg7 32. Rh5 Qg8 33. Rah1 a3 34. Rxh7+ Qxh7 35. Rxh7+
Kxh7 36. Nxg5+ Bxg5 37. Qh3+ Kg8 38. Bxg5 Rxc3 39. Qh6 1-0

[Event "TCh-FRA Top 12 2014"]
[Site "Saint-Quentin FRA"]
[Date "2014.05.24"]
[Round "1.2"]
[White "Swiercz, Dariusz"]
[Black "Rozentalis, Eduardas"]
[Result "0-1"]
[WhiteTitle "GM"]
[BlackTitle "GM"]
[WhiteElo "2608"]
[BlackElo "2618"]
[WhiteTeam "C.E. de Rueil Malmaison"]
[BlackTeam "C.E. Strasbourg"]
[WhiteFideId "1126881"]
[BlackFideId "12800023"]
[EventDate "2014.05.24"]

1. c4 e6 2. Nc3 Nf6 3. Nf3 Bb4 4. Qc2 O-O 5. d4 d5 6. cxd5 Qxd5 7. Bd2 Bxc3 8.
Bxc3 b6 9. Nd2 Bb7 10. f3 c5 11. e4 Qg5 12. dxc5 Qxc5 13. Be2 Rd8 14. Nb3 Qg5
15. O-O Nh5 16. Rfd1 Nc6 17. Bf1 Nf4 18. Kh1 e5 19. a4 Rxd1 20. Rxd1 Rd8 21. Rd2
Ne6 22. Qd1 Rxd2 23. Nxd2 Ncd4 24. Nc4 Ba6 25. a5 bxa5 26. Bxa5 h5 27. Bd2 Qf6
28. Qa4 Bxc4 29. Qxc4 h4 30. h3 Kh7 31. Qa6 Qd8 32. Bc3 Qg5 33. Qxa7 Qc1 34. Qa6
Nf4 35. Kh2 Nh5 36. Bxd4 exd4 37. Qc4 Qf4+ 38. Kg1 Qe3+ 39. Kh2 Ng3 40. e5 Kh6
41. b4 Qe1 42. Kg1 Qe3+ 43. Kh2 g6 44. b5 Qe1 45. Kg1 Qe3+ 46. Kh2 Qxe5 47. Qc1+
Kg7 48. f4 Qe3 49. Qb1 Nxf1+ 50. Qxf1 d3 51. b6 d2 52. b7 Qg3+ 53. Kg1 Qe3+ 54.
Kh2 Qg3+ 55. Kg1 Qb3 56. Kh2 f6 57. Qg1 g5 58. Qd4 Qg3+ 59. Kh1 Qxf4 60. Qxf4
d1=Q+ 61. Kh2 gxf4 62. b8=Q f3 63. Qb7+ Kh6 64. Qc6 Kg5 65. Qc5+ Kg6 66. gxf3
Qe2+ 67. Kg1 Qe1+ 68. Kg2 Qg3+ 69. Kf1 Qxf3+ 70. Ke1 Qxh3 71. Qf8 Qe3+ 72. Kf1
Kf5 73. Qc8+ Kf4 74. Qc7+ Qe5 75. Qc4+ Qe4 76. Qc7+ Kg5 77. Qg7+ Qg6 78. Qf8 h3
79. Kf2 Qc2+ 80. Ke3 h2 81. Qg8+ Qg6 82. Qd5+ Kh6 83. Qa8 Qg1+ 84. Kd3 Qd1+ 85.
Ke3 Qe1+ 86. Kf4 Qe5+ 87. Kg4 Qg5+ 88. Kh3 h1=Q+ 89. Qxh1 Qh5+ 90. Kg2 Qxh1+ 0-1

[Event "TCh-FRA Top 12 2014"]
[Site "Saint-Quentin FRA"]
[Date "2014.05.24"]
[Round "1.3"]
[White "Baklan, Vladimir"]
[Black "Renet, Olivier"]
[Result "1-0"]
[WhiteTitle "GM"]
[BlackTitle "GM"]
[WhiteElo "2636"]
[BlackElo "2480"]
[WhiteTeam "C.E. Strasbourg"]
[BlackTeam "C.E. de Rueil Malmaison"]
[WhiteFideId "14102196"]
[BlackFideId "600040"]
[EventDate "2014.05.24"]

1. e4 c5 2. Nf3 d6 3. d4 cxd4 4. Nxd4 Nf6 5. Nc3 a6 6. g3 g6 7. Bg2 Bg7 8. h3
O-O 9. O-O Nc6 10. Be3 Bd7 11. Nde2 Qc7 12. Nd5 Nxd5 13. exd5 Na5 14. Bd4 Be5
15. Rc1 b5 16. b3 Rac8 17. Qd2 Rfe8 18. c3 Nb7 19. b4 Nd8 20. Rfe1 Qb8 21. Kh2
Bxd4 22. Nxd4 e5 23. dxe6 fxe6 24. h4 Rc7 25. Ne2 Nf7 26. Nf4 Qd8 27. Re3 Rc4
28. Rce1 Rxf4 29. gxf4 Qxh4+ 30. Rh3 Qf6 31. Kg1 Rc8 32. Qd4 Qxd4 33. cxd4 Rc4
34. Ra3 Bc8 35. Bh3 Nd8 36. d5 Kf7 37. Rae3 Rxf4 38. Rc1 Rc4 39. Rxc4 bxc4 40.
Rc3 Bb7 41. dxe6+ Nxe6 42. Rxc4 Bd5 43. Rc2 Nd4 44. Rc7+ Kf6 45. a4 Bc6 46. Bd7
Ne6 1-0

[Event "TCh-FRA Top 12 2014"]
[Site "Saint-Quentin FRA"]
[Date "2014.05.24"]
[Round "1.4"]
[White "Williams, Simon K"]
[Black "Sanikidze, Tornike"]
[Result "0-1"]
[WhiteTitle "GM"]
[BlackTitle "GM"]
[WhiteElo "2465"]
[BlackElo "2514"]
[WhiteTeam "C.E. de Rueil Malmaison"]
[BlackTeam "C.E. Strasbourg"]
[WhiteFideId "404454"]
[BlackFideId "13602608"]
[EventDate "2014.05.24"]

1. d4 d5 2. c4 e6 3. Nc3 Bb4 4. Nf3 Nf6 5. cxd5 exd5 6. Bg5 h6 7. Bh4 c5 8. e3
c4 9. Be2 g5 10. Bg3 Ne4 11. Rc1 Qa5 12. Ne5 O-O 13. O-O Bxc3 14. bxc3 f6 15.
Ng6 Rf7 16. Bh5 Rg7 17. Bxb8 Rxb8 18. f3 Nxc3 19. Qc2 b5 20. e4 b4 21. a3 Qxa3
22. exd5 Qb3 23. Rce1 Bd7 24. Ne7+ Rxe7 25. Qxb3 Rxe1 26. Qc2 Rxf1+ 27. Kxf1 f5
28. Kf2 b3 0-1

[Event "TCh-FRA Top 12 2014"]
[Site "Saint-Quentin FRA"]
[Date "2014.05.24"]
[Round "1.5"]
[White "Vaisser, Anatoly"]
[Black "Loiseau, Quentin"]
[Result "1-0"]
[WhiteTitle "GM"]
[BlackTitle "IM"]
[WhiteElo "2531"]
[BlackElo "2365"]
[WhiteTeam "C.E. Strasbourg"]
[BlackTeam "C.E. de Rueil Malmaison"]
[WhiteFideId "603252"]
[BlackFideId "665274"]
[EventDate "2014.05.24"]

1. d4 d5 2. Bf4 Nf6 3. e3 c5 4. Nc3 e6 5. Nb5 Na6 6. c3 Be7 7. a4 O-O 8. Bd3 Bd7
9. b3 Bc6 10. Nf3 Ne4 11. Nd2 cxd4 12. exd4 Bxb5 13. Bxe4 Bxa4 14. Bxh7+ Kxh7
15. Rxa4 Rc8 16. Qf3 Bb4 17. Nb1 Bd6 18. Bxd6 Qxd6 19. O-O Rc7 20. Re1 Nb8 21.
Rxa7 Na6 22. Qd3+ Kg8 23. Qb5 Rb8 24. g3 Kf8 25. b4 Ke7 26. Qa5 Rd7 27. b5 Nc7
28. b6 Na6 29. Na3 Qc6 30. Rb1 f6 31. Nc2 Rc8 32. Rb3 Qc4 33. Qa3+ Kf7 34. Ne3
Qe2 35. Kg2 g5 36. Qc1 Kg7 37. Qd1 Qa2 38. Qc2 Qa4 39. Qb2 Rf7 40. Qa3 Qc6 41.
Qa5 f5 42. f3 g4 43. fxg4 fxg4 44. Nxg4 Qc4 45. Qb5 Qxb5 46. Rxb5 Rxc3 47. Ne5
Rc2+ 48. Kh3 Re7 49. Rxa6 1-0

[Event "TCh-FRA Top 12 2014"]
[Site "Saint-Quentin FRA"]
[Date "2014.05.24"]
[Round "1.6"]
[White "Dubessay, Bastien"]
[Black "Roos, Louis"]
[Result "1-0"]
[WhiteTitle "FM"]
[BlackTitle "IM"]
[WhiteElo "2352"]
[BlackElo "2351"]
[WhiteTeam "C.E. de Rueil Malmaison"]
[BlackTeam "C.E. Strasbourg"]
[WhiteFideId "650048"]
[BlackFideId "600288"]
[EventDate "2014.05.24"]

1. d4 g6 2. e4 Bg7 3. c4 c5 4. d5 e6 5. Nc3 exd5 6. Nb5 d4 7. Bf4 Na6 8. Nd6+
Kf8 9. Qd2 Nf6 10. Be2 Qe7 11. e5 Ne8 12. Nf3 h6 13. O-O Nac7 14. Rae1 a5 15.
Bg3 Qd8 16. Ne4 Ne6 17. Nh4 b6 18. f4 Bb7 19. Bd3 Rg8 20. f5 gxf5 21. Nxf5 Ng5
22. Nfd6 Bxe4 23. Bxe4 Nxd6 24. exd6 Nxe4 25. Rxe4 Qg5 26. Qf2 Qg6 27. Re7 f6
28. Bh4 Re8 29. Bxf6 Rxe7 30. Bxe7+ Ke8 31. Qf3 1-0

[Event "TCh-FRA Top 12 2014"]
[Site "Saint-Quentin FRA"]
[Date "2014.05.24"]
[Round "1.7"]
[White "Heinz, Timothee"]
[Black "Debray, Christopher"]
[Result "1/2-1/2"]
[WhiteTitle "FM"]
[BlackTitle "IM"]
[WhiteElo "2322"]
[BlackElo "2351"]
[WhiteTeam "C.E. Strasbourg"]
[BlackTeam "C.E. de Rueil Malmaison"]
[WhiteFideId "623369"]
[BlackFideId "630810"]
[EventDate "2014.05.24"]

1. c4 c6 2. Nf3 d5 3. d4 Nf6 4. e3 Bg4 5. h3 Bh5 6. Nc3 e6 7. g4 Bg6 8. Ne5 Nbd7
9. Nxg6 hxg6 10. Bd2 g5 11. Bg2 dxc4 12. e4 Qb6 13. Bxg5 Qxb2 14. Na4 Qa3 15.
Bc1 Qe7 16. O-O Rd8 17. g5 Nh5 18. Nc3 e5 19. d5 Nf4 20. Bxf4 exf4 21. Qg4 g6
22. Qxf4 Bg7 23. Rac1 Ne5 24. Qe3 Nd3 25. Rc2 Rh5 26. Ne2 cxd5 27. exd5 Qxe3 28.
fxe3 b5 29. Nf4 Rxg5 30. Nxd3 cxd3 31. Rd2 Rdxd5 32. Rfd1 Rc5 33. Rxd3 Be5 34.
Rd5 Rc2 35. R1d2 Rxd2 36. Rxd2 Ke7 37. Kf1 Bd6 38. Rd5 Re5 39. Ke2 Ke6 40. Rxe5+
Kxe5 41. Bc6 b4 42. Be8 Ke6 43. Kd3 g5 44. e4 Bg3 45. Kc4 Be1 46. Kb5 a5 47. Ka4
f6 48. Bg6 Ke5 49. Bf5 1/2-1/2

[Event "TCh-FRA Top 12 2014"]
[Site "Saint-Quentin FRA"]
[Date "2014.05.24"]
[Round "1.8"]
[White "Congiu, Mathilde"]
[Black "Nicoara, Malina"]
[Result "1-0"]
[WhiteTitle "WIM"]
[BlackTitle "WIM"]
[WhiteElo "2279"]
[BlackElo "2108"]
[WhiteTeam "C.E. de Rueil Malmaison"]
[BlackTeam "C.E. Strasbourg"]
[WhiteFideId "634581"]
[BlackFideId "604631"]
[EventDate "2014.05.24"]

1. e4 Nf6 2. e5 Nd5 3. d4 d6 4. c4 Nb6 5. exd6 cxd6 6. Nc3 g6 7. Be3 Bg7 8. Rc1
O-O 9. b3 Nc6 10. d5 Ne5 11. Be2 f5 12. f4 Ng4 13. Bxg4 fxg4 14. Nge2 e5 15.
dxe6 Bxe6 16. O-O Qe7 17. Bd4 Bh6 18. Qd2 Rad8 19. Rce1 Nc8 20. Ng3 Rde8 21.
Nce4 Qd8 22. Qc3 d5 23. Nf6+ Rxf6 24. Bxf6 Qd7 25. cxd5 Bxd5 26. Be5 Ne7 27. Ne4
Bxe4 28. Rxe4 Nf5 29. Rc4 Qd5 30. Rc5 Qe4 31. Re1 1-0

[Event "TCh-FRA Top 12 2014"]
[Site "Saint-Quentin FRA"]
[Date "2014.05.25"]
[Round "2.1"]
[White "Istratescu, Andrei"]
[Black "Swiercz, Dariusz"]
[Result "1/2-1/2"]
[WhiteTitle "GM"]
[BlackTitle "GM"]
[WhiteElo "2667"]
[BlackElo "2608"]
[WhiteTeam "Evry Grand Roque"]
[BlackTeam "C.E. de Rueil Malmaison"]
[WhiteFideId "1200372"]
[BlackFideId "1126881"]
[EventDate "2014.05.24"]

1. c4 Nf6 2. Nf3 c6 3. Nc3 d5 4. e3 a6 5. b3 Bg4 6. Be2 Nbd7 7. h3 Bh5 8. cxd5
cxd5 9. g4 Bg6 10. g5 Ne4 11. Nxd5 e6 12. Nf4 Nxg5 13. Bb2 Ne4 14. h4 Bf5 15. a3
Bd6 16. Nh5 Bg4 17. Nxg7+ Ke7 18. Rg1 h5 19. Ng5 Nxg5 20. hxg5 Be5 21. Bxe5 Nxe5
22. d4 Bxe2 23. Qxe2 Qd5 24. dxe5 Qxe5 25. Rd1 Qxg7 26. Qc4 Rhd8 27. Qc7+ Ke8
28. g6 Rxd1+ 29. Kxd1 Rd8+ 30. Kc2 Qf6 31. gxf7+ Qxf7 32. Qxf7+ Kxf7 33. Rh1 Kg6
34. f4 Rh8 35. Kd3 Kf5 1/2-1/2